El personaje misterioso #2 - Estadísticas

Estadísticas generales
  • Esta prueba ha sido intentada 115 veces
    112 desde el último reinicio
  • La puntuación promedio es 4 de 7
Estadísticas de respuestas
Hint Respuesta % Correcto
Ciudad donde nació (empieza por M) Madrid
94%
Fue popular en la década de los 80 - 90
85%
Su nombre empieza por la letra D
84%
País donde residió casi un año (empieza por B) Brasil, donde se operó la cara con no muy buenos resultados
52%
Enfermedad En 2004 se le intervino por un cáncer en las cuerdas vocales. Su gran pasión es ser cantante y llegó a grabar dos discos. Su segundo disco se llama Todo sobre mi furgón
45%
Trastorno ocular estrabismo hasta que se sometió a una operación
20%
NOMBRE el Dioni
14%
No se encontraron pruebas coincidentes
Distribución de puntuación
Porcentaje de gente con cada puntuación
Porcentaje por número respondido
Historial de tus puntuaciones
No has intentado esta prueba desde el último reinicio